Ηρεμία / The School of Life (Record no. 3257)
[ view plain ]
| 000 -LEADER | |
|---|---|
| fixed length control field | 01574cam a22001934a 4500 |
| 005 - ΗΜΕΡΟΜΗΝΙΑ ΚΑΙ ΩΡΑ ΤΕΛΕΥΤΑΙΑΣ ΕΝΗΜΕΡΩΣΗΣ | |
| Πεδίο ελέγχου | 20250605164110.0 |
| 008 - FIXED-LENGTH DATA ELEMENTS--GENERAL INFORMATION | |
| Πεδίο ελέγχου σταθερού μήκους | 250528s ||||||||||||||||||||||||d |
| 035 ## - SYSTEM CONTROL NUMBER | |
| System control number | 17857 |
| 020 ## - ISBN | |
| ISBN | 9789601678108 |
| 040 ## - ΠΗΓΗ ΚΑΤΑΛΟΓΟΓΡΑΦΗΣΗΣ | |
| Φορέας πρωτότυπης καταλογογράφησης | MC Athens Campus Library |
| Γλώσσα καταλογογράφησης | Ελληνικά, Μοντέρνα (1453-) |
| Modifying agency | MC Athens Campus Library |
| Κανόνες περιγραφικής καταλογογράφησης | AACR2 |
| 245 1# - ΤΙΤΛΟΣ ΚΑΙ ΔΗΛΩΣΗ ΥΠΕΥΘΥΝΟΤΗΤΑΣ | |
| Τίτλος | Ηρεμία / The School of Life |
| 260 ## - PUBLICATION, DISTRIBUTION, ETC. | |
| Name of publisher, distributor, etc. | Πατάκη, |
| Date of publication, distribution, etc. | 2016 |
| 300 ## - PHYSICAL DESCRIPTION | |
| Extent | 176 |
| 520 ## - SUMMARY, ETC. | |
| Summary, etc. | Το βιβλίο αυτό ρίχνει φως στις αιτίες για τις μεγαλύτερες αγωνίες μας και παρουσιάζει μια σειρά από πειστικά, και μερικές φορές διασκεδαστικά, επιχειρήματα, με τα οποία μπορούμε να θωρακιστούμε απέναντι στον πανικό. Εισαγωγή, Σχέσεις, Ρομαντικές Προσδοκίες, Η Υποβάθμιση της Οικογενειακής Ζωής, Τα Άγχη του Σεξ, Η Αδυναμία της Δύναμης, Οι Άλλοι, Ακούσιο Πλήγμα, Προς Υπεράσπιση της Διδασκαλίας, Προς Υπεράσπιση της Ευγένειας, Για τον Πονοκέφαλο ''Υπηρεσίες'', Εργασία, Καπιταλισμός, Φιλοδοξία, Υπομονή, Συνάδελφοι, Οι Πηγές της Ηρεμίας, Όραση, Ήχος, Χώρος, Χρόνος, Σωματική Επαφή, Συμπέρασμα: Η Ήσυχη Ζωή. |
| 700 1# - ΠΡΟΣΘΕΤΗ ΑΝΑΓΡΑΦΗ--ΦΥΣΙΚΟ ΠΡΟΣΩΠΟ | |
| Personal name | Κυθρεώτης Μιχάλης |
| 9 (RLIN) | 4142 |
| 942 ## - ADDED ENTRY ELEMENTS (KOHA) | |
| Koha item type | Books |
| Τύπος τεκμηρίου | Βιβλιοθήκη | Τρέχουσα τοποθεσία | Barcode | Αριθμός εισαγωγής | Ημερομηνία απόκτησης | Ταξιθετικό σύμβολο | Αριθμός αντιτύπου | Κατάσταση απόσυρσης | Κατάσταση χαμένου | Κατάσταση κατεστραμμένου | Μη δανεισμός | Σύνολο δανεισμών | Ημερομηνία τελευταίας εμφάνισης | Η τιμή ισχύει από |
|---|---|---|---|---|---|---|---|---|---|---|---|---|---|---|
| Books | MC Athens Campus Library | MC Athens Campus Library | 9780000032560 | 7324 | 05/06/2025 | 158.1 FIL | 1 | 05/06/2025 | 05/06/2025 |